| 000 | 00492nam a2200169Ia 4500 | ||
|---|---|---|---|
| 008 | 090201s9999 xx 000 0 und d | ||
| 010 | _aKPL-25159 | ||
| 040 | _bमराठी | ||
| 041 | _aमराठी | ||
| 082 |
_a46114 _b25159 |
||
| 100 | _aबाबा कदम | ||
| 245 |
_aभालू _cबाबा कदम |
||
| 260 |
_c2005 _bचंद्रकांत शेटे प्रकाशन |
||
| 300 |
_a216 _bमोठा |
||
| 600 | _aभालू | ||
| 942 | _cBOOK | ||
| 999 |
_c242989 _d242989 |
||